00874nam a22002057a 450000500170000000800410001704000570005804100080011511100560012324501540017926000820033330000180041561000300043365000310046365000180049465000210051265000310053365000750056470000290063920260525115505.0130821s2004 ck gr spa  aCo-BoUCMbspacStefania Borbon (Modificó)d[Nuevo]00aspa2 aSeminario Internacional "Corte Penal Internacional"10aSeminario Internacional Corte Penal Internacional: binstrumento de paz para Colombia, Memorias /cdiseño y diagramación Leonardo Herrera Almeida aBogotá (Colombia)bFundación País Libre; Konrad Adenauer Stiftungc2004 a246 páginas 7aCorte Penal Internacional04aConflicto armadozColombia04aDerecho penal04aDerechos humanos04aDerechos humanoszColombia04aProceso de pazxLegislaciónzColombiavCongresos, conferencias, etc.1 aLeonardo Herrera Almeida